| 000 | 00937nam2a22002291 4500 | ||
|---|---|---|---|
| 001 | v19\rc\2094402 | ||
| 005 | 20250620032101.0 | ||
| 035 | _a(NLR Aleph) 005148267 | ||
| 090 |
_a4874130 _c4874130 |
||
| 100 | _a20081218d1917 |||y0rusy50 ca | ||
| 101 | 0 | _arus | |
| 102 | _aRU | ||
| 105 | _ay z ||||| | ||
| 200 | 0 | _aВып. 12 (16) | |
| 210 |
_d[1917] _aБ. м. |
||
| 300 | _aНа тит. л. ошибочно: Вып. 10 (14) | ||
| 461 | 0 |
_1001v19\rc\2094395 _12001#$aТекущая статистика$fГУЗ и З. Пересел. упр. Стат. отд. Забайкал. пересел. района$vВып. 12 (16) _94874102 _cЧита _d1914-1918 _fГУЗ и З. Пересел. упр. Стат. отд. Забайкал. пересел. района _tТекущая статистика _vВып. 12 (16) |
|
| 801 | 0 |
_aRU _bNLR _gpsbo |
|
| 801 | 1 |
_aRU _bProSoft-M _2rusmarc |
|
| 852 |
_aNLR _j37.68.1.26 |
||
| 942 | _cBOOK | ||
| 980 | _aNB | ||